La cajita infeliz. (Registro nro. 3029)

Detalles MARC
000 -LEADER
fixed length control field 01986nam a2200265 a 4500
005 - FECHA ULTIMA MODIFICACION
control field 20241104091224.0
008 - CAMPO DE CONTROL (LIBRO)
fixed length control field 100623e2013||||ag g |||| 001 0dspa d
020 ## - INTERNATIONAL STANDARD BOOK NUMBER
ISBN 9789871421664
041 ## - CODIGO DE IDIOMA
Código de idioma del texto/pista de sonido o título separado spa
092 ## - SIGNATURA TOPOGRAFICA DEWEY LOCAL
número de clasificación 301
libristica 77
sección SAR
100 1# - ENTRADA PRINCIPAL--NOMBRE PERSONAL
Nombre personal Sartelli, Eduardo
9 (RLIN) 4085
245 3# - TITULO PROPIAMENTE DICHO
Título La cajita infeliz.
Subtítulo y Título paralelo Un viaje marxista a través del capitalismo /
Mención de responsabilidad y remanente de la transcripción de la portada Eduardo Sartelli
250 ## - MENCION DE EDICION
Mención de edición 4a ed.
Mención de responsabilidad relacionada con la ed. Prólogo Ernesto Bayer
260 ## - PIE DE IMPRENTA
Lugar de publicación, distribución, etc Buenos Aires:
Nombre de la editorial, distribuidor, etc RyR;
Fecha de publicación 2013.
300 ## - DESCRIPCION FISICA
Extension 751 p.
Dimensiones 21x15 cm.
500 ## - NOTA GENERAL
Nota general Sartelli, E. (2013). La cajita infeliz. (3a ed.). Buenos Aires : RyR.
505 ## - NOTA DE CONTENIDO
Nota de contenido formateada El libro comienza con la historia de este mundo capitalista y la califica como "una novela de vampiros" y no se equivoca. Todos hemos tenido hace poco un verdadero vampiro que hablaba medio así como riojano...Leo una frase: "En las sombras, ocultándose, existe el poder que mantiene con vida a este sistema". Y tiene razón. Señala que intentar comprenderlo es un viaje a lo más oscuro de la sociedad, y es cierto. Es la descripción de este sistema que nos domina con desocupados, con niños con hambre. Hambre en este país maravilloso con las espigas de oro, como decía Rubén Darío. "Nos acercamos al mundo en perpetua conmoción del capitalismo, de las turbulencias permanentes, donde todo se desvanece en el aire, la acumulación y las crisis", escribe Sartelli en el capítulo en que el viaje que nos proponemos toda fondo. Buena definición. Irrebatible. La cajita se propone terminar con los mitos de todos los días. "Por detrás de las leyes, de la estructura jurídica de la realidad, se extiende la estructura del poder verdadero, del poder económico y militar, del poder mafioso".
590 ## - NOTAS LOCALES (RLIN)
Nota local Donación Torrens, Paula. Septiembre 2019
653 4# - TÉRMINO INDIZADO - PALABRAS CLAVES
Palabra clave Los diez mil
653 7# - TÉRMINO INDIZADO - PALABRAS CLAVES
Palabra clave Por un socialismo libertario
653 ## - TÉRMINO INDIZADO - PALABRAS CLAVES
Palabra clave Anarquistas, hamburguesas y vampiros
653 ## - TÉRMINO INDIZADO - PALABRAS CLAVES
Palabra clave Hacia abajo: la economía
653 ## - TÉRMINO INDIZADO - PALABRAS CLAVES
Palabra clave Hacia arriba: las superestructuras
942 ## - ADDED ENTRY ELEMENTS (KOHA)
Source of classification or shelving scheme Dewey Decimal Classification
Item type Libros
Existencias
Estado de retiro Existencia Fuente de clasificación Estado general No para prestamo Ubicación permanente ubicación actual Sala de ubicación Fecha de adquisición Fuente de adquisición Total Checkouts Número de clasificación Código de barras Date last seen Número de ejemplar Price effective from Koha tipo de elemento (item) Public note
    Dewey Decimal Classification     Biblioteca Medicina Biblioteca Medicina Circulación 03/09/2019 Donación Torrens, Paula. Agosto 2019   306 77 SAR 4561 03/09/2019 Ej.1 03/09/2019 LITERATURA Proyecto 4to libro Donación Torrens, Paula. Agosto 2019

UNIVERSIDAD NACIONAL DEL COMAHUE
Biblioteca de la Facultad de Ciencias Médicas
Sede Toschi: Los Arrayanes y Av. Toschi, Cipolletti  - Rio Negro
Sede Los Tordos:  Yrigoyen al 2211, Cipolletti - Rio Negro 

Teléfono: 0299 - 4774707 int 25
Contacto: biblioteca@facimed.uncoma.edu.ar
© 2011 - 2026